Statistics for Total Drama Presents: The Ridonculous Race Team Quiz

Click here to take the quiz!

General Stats

  • This quiz has been taken 124 times
  • The average score is 15 of 18

Answer Stats

TeamContestantsPlacement% Correct
GothsEnnui & Crimson7th Place
92%
SistersKitty & Emma4th Place
92%
Best FriendsDevin & Carrie5th Place
91%
RockersRock & Spud10th Place
89%
StepbrothersLorenzo & Chet11th Place
89%
VegansLaurie & Miles15th Place
89%
Daters / HatersStephanie & Ryan6th Place
88%
Ice DancersJosee & Jacques3rd Place
88%
Fashion BloggersTom & Jen14th Place
84%
Father & SonDwayne & Junior9th Place
84%
Mother & DaughterKelly & Taylor13th Place
80%
Tennis RivalsGerry & Pete17th Place
80%
Police CadetsMacArthur & Sanders2nd / 1st Place
78%
GeniusesEllody & Mary16th Place
73%
Adversity TwinsJay & Mickey12th Place
72%
LARPersLeonard & Tammy18th Place
72%
Surfer DudesBrody & Geoff2nd / 1st Place
72%
Reality TV ProOwen & Noah8th Place
70%

Score Distribution

Percentile by Number Answered

Percent of People with Each Score

Your Score History

You have not taken this quiz